000 00504nam a2200181Ia 4500
005 20250508154658.0
008 008 250505s9999 xx 000 0 eng d
037 _aTextual
040 _aFEDL
_beng
_cFEDL
041 _aeng
_2eng
084 _a510, NAH
_qFEDL
100 _aNahikian Howard M
_9634951
245 0 _aTopics in modern mathematics
260 _aNew York, USA
_bThe Macmillan Company
_c1966
300 _aviii,262p.
942 _cTEXL
_h510, NAH
999 _c1351559
_d1351559